Introducing Fortran 95 /

Bibliographic Details
Main Author: Chivers, I. D. (Ian David), 1952-
Other Authors: Sleighthome, Jane, 1950-
Format: Book
Language:English
Published: London ; New York : Springer, [2000]
Subjects:

MARC

Tag First Indicator Second Indicator Subfields
LEADER 00000cam a22000004a 4500
001 in00001571908
005 20151022091159.0
008 000505s2000 enka b 001 0 eng
010 |a  00034505  
015 |a GBA0-X9951 
020 |a 185233276X (alk. paper) 
029 1 |a UKM  |b bA0X9951 
029 1 |a OHX  |b har005137011 
035 |a (OCoLC)ocm44013902 
040 |a DLC  |c DLC  |d UKM  |d OHX  |d C#P  |d UtOrBLW 
042 |a pcc 
049 |a TXAM 
050 0 0 |a QA76.73.F29  |b C48 2000 
072 7 |a QA  |2 lcco 
082 0 0 |a 005.13/3  |2 21 
100 1 |a Chivers, I. D.  |q (Ian David),  |d 1952- 
245 1 0 |a Introducing Fortran 95 /  |c Ian Chivers and Jane Sleightholme. 
264 1 |a London ;  |a New York :  |b Springer,  |c [2000] 
264 4 |c ©2000 
300 |a xvii, 455 pages :  |b illustrations ;  |c 24 cm. 
336 |a text  |b txt  |2 rdacontent 
337 |a unmediated  |b n  |2 rdamedia 
338 |a volume  |b nc  |2 rdacarrier 
504 |a Includes bibliographical references and index. 
650 0 |a FORTRAN 95 (Computer program language) 
700 1 |a Sleighthome, Jane,  |d 1950- 
938 |a Otto Harrassowitz  |b HARR  |n har005137011  |c 79.00 DEM 
945 |i promptcat 
949 |l A14826446514 
994 |a 92  |b TXA 
948 |a cataloged  |b h  |c 2000/11/28  |d c  |e jlanham  |f 12:53:39 pm 
999 |a MARS 
999 f f |s 6062134d-025f-3b06-b250-b66c7855b950  |i 923f4a46-ed6a-37a2-8eed-73a9374da8cd  |t 0 
952 f f |p normal  |a Texas A&M University  |b College Station  |c Sterling C. Evans Library  |d Evans: Library Stacks  |t 0  |e QA76.73.F29 C48 2000  |h Library of Congress classification  |i unmediated -- volume  |m A14826446514 
998 f f |a QA76.73.F29 C48 2000  |t 0  |l Evans: Library Stacks